Desciframiento de la escritura jeroglífica egipcia : CL aniversario de Champollión / por Josep Padró i Parcerisa CL aniversario de Champollión / por Josep Padró i Parcerisa
Publicado:
San Jorge, núm. 93 (1r trimestre 1974), pàg. 53 - 61 :
MARC
| LEADER | 00000nam a2200000Ia 4500 | ||
|---|---|---|---|
| 001 | |||
| 008 | 160829s9999 xx 000 0 cat d | ||
| 100 | |a Padró i Parcerisa, Josep |9 20241 | ||
| 245 | |a Desciframiento de la escritura jeroglífica egipcia : |b CL aniversario de Champollión / por Josep Padró i Parcerisa | ||
| 260 | |a San Jorge, núm. 93 (1r trimestre 1974), pàg. 53 - 61 | ||
| 650 | |a Egipci |x Inscripcions |9 41792 | ||
| 650 | |a Egipci |x Escriptura jeroglífica |9 41793 | ||
| 650 | |a Champollion, Jean François, 1790-1832 |9 41794 | ||
| 901 | |a Arxiu | ||
| 942 | |n 1 | ||
| 952 | |0 0 |1 0 |4 0 |7 1 |9 50479 |a Arxiu |b Arxiu |d 2016-12-01 |l 0 |r 2016-12-01 00:00:00 |w 2016-12-01 |y ARXIU | ||
| 999 | |c 54321 |d 54321 | ||